00000000nam##2200000za#4500
0019.558336
003CaOODSP
00520230131161132
007cr |||||||||||
008150406|2003||||xxc|||||o    f|0| 0 eng|d
020 |a0-662-33528-7
040 |aCaOODSP|beng
043 |an-cn---
0861 |aM44-2003/C6E-IN
1102 |aGeological Survey of Canada.
24510|aGeology of the Doris North gold deposits, northern Hope Bay volcanic belt, Slave Structural Province, Nunavut / |h[electronic resource]|c[by] R.L. Carpenter, R.L. Sherlock, C. Quang, P. Kleepsies, and R. McLeod.
260 |aOttawa - Ontario : |bNatural Resources Canada. |cc2003.
300 |a12p.|bcoloured maps, references, photographs
4901 |aCurrent research 2003|v2003-C6
546 |a(Résumé en français.)
590 |a14-09-Supp|b2014-04-23
830#0|aCurrent research (Geological Survey of Canada)|v2003-C6|w(CaOODSP)9.506236
85640|ahttp://publications.gc.ca|qPDF|s4.52 MB|uhttps://publications.gc.ca/collections/collection_2013/rncan-nrcan/M44-2003-C6-eng.pdf|y2003-C6